000 00406nam a2200157Ia 4500
008 240729s9999 xx 000 0 und d
022 _a2667-0119
245 0 _aFish and Shellfish Immunology Reports
260 _aUnited Kingdom
260 _bElsevier
650 _a Zoology
650 _aScience
856 _uhttps://doaj.org/toc/5dfb544345d547bd81ad78826062568a
942 _2ddc
942 _cDOAJEJ
999 _c73310
_d73310
945 _a1
_bMadushi Gamage
_c1
_dMadushi Gamage